LEADER 00945cam0-2200337---450- 001 990005831060403321 005 20120924131258.0 010 $a3-492-10776-1 035 $a000583106 035 $aFED01000583106 035 $a(Aleph)000583106FED01 035 $a000583106 100 $a19990604d1991----km-y0itay50------ba 101 0 $ager 102 $aDE 105 $aa-------001by 200 1 $a<>Tote Tag$fErnst Barlach$ghrsg. und mit eimen Vorwort von Helmar Harald Fischer 205 $a2. Aufl. 210 $aMünchen ; Zürich$cPiper$d1991 215 $a175 p.$cill.$d19 cm 225 1 $aSerie Piper$v776 676 $a832.912 700 1$aBarlach,$bErnst$f<1870-1938>$0131255 702 1$aHarald Fischer,$bHelmar 801 0$aIT$bUNINA$gRICA$2UNIMARC 901 $aBK 912 $a990005831060403321 952 $a832.912 BARL 8$bDip.f.m.9624$fFLFBC 959 $aFLFBC 996 $aTote Tag$9566836 997 $aUNINA LEADER 01320nam a2200385 i 4500 001 991001378339707536 005 20020507192407.0 008 940525s1984 us ||| | eng 020 $a027308593X 035 $ab1083929x-39ule_inst 035 $aLE01311370$9ExL 040 $aDip.to Matematica$beng 082 0 $a519.2 084 $aAMS 60H 084 $aAMS 60H05 084 $aAMS 60H10 084 $aAMS 60H99 084 $aAMS 60J25 084 $aAMS 60J60 084 $aQA274.23 100 1 $aMohammed, S. E. A.$0441781 245 10$aStochastic functional differential equations /$cS.-E. A. Mohammed 260 $aBoston :$bPitman Advanced Publ. Program,$c1984 300 $avi, 245 p. :$bill. ;$c25 cm. 490 0 $aPitman research notes in mathematics series, ISSN 02693674 ;$v99 500 $aBibliography: p. 234-239. 500 $aIncludes index 650 4$aFunctional differential equations 650 4$aStochastic differential equations 907 $a.b1083929x$b23-02-17$c28-06-02 912 $a991001378339707536 945 $aLE013 60H MOH11 (1984)$g1$i2013000120591$lle013$o-$pE0.00$q-$rl$s- $t0$u1$v0$w1$x0$y.i10949100$z28-06-02 996 $aStochastic functional differential equations$983261 997 $aUNISALENTO 998 $ale013$b01-01-94$cm$da $e-$feng$gus $h0$i1 LEADER 01040nam a2200265 i 4500 001 991002541959707536 005 20020508202019.0 008 981214s1972 it ||| | lat 035 $ab11025359-39ule_inst 035 $aPARLA164634$9ExL 040 $aDip.to Filosofia$bita 082 0 $a612.4 100 1 $aAselli, Gaspare$0538892 245 10$aDe lactibus sive lacteis venis /$cnono invento Gasparis Asellii ; presentazione di Pietro Franceschini 260 $aMilano :$bEpisteme,$c1972 300 $aXXVI, 79 p. :$bill., 4 tav. ;$c24 cm. 500 $aFacs. dell'ed. di Milano del 1627 500 $aAlleg.: De lactibus sive lacteis venis / nono invento Gasparis Asellii 700 1 $aFranceschini, Pietro 907 $a.b11025359$b21-09-06$c28-06-02 912 $a991002541959707536 945 $aLE005 500 ASE01. 01$g1$i2005000030093$lle005$o-$pE0.00$q-$rl$s- $t0$u0$v0$w0$x0$y.i11145535$z28-06-02 996 $aDe lactibus sive lacteis venis$9861899 997 $aUNISALENTO 998 $ale005$b01-01-98$cm$da $e-$flat$git $h0$i1